书目信息 |
| 题名: |
组织与管理
|
|
| 作者: | 卡斯特 , 罗森茨韦克 著 ;苏沃涛 , 李注流 , 刘有锦 译 | |
| 分册: | ||
| 出版信息: | 北京 中国社会科学出版社 1985 |
|
| 页数: | 724页 | |
| 开本: | 19cm | |
| 丛书名: | 国外经济管理名著丛书 | |
| 单 册: | ||
| 中图分类: | C93 | |
| 科图分类: | ||
| 主题词: | 管理学 | |
| 电子资源: | ||
| ISBN: | ||
| 000 | 01094nam2 2200325 45 | |
| 001 | 0185002525 | |
| 005 | 20060314100312.18 | |
| 010 | @dCNY4.40 | |
| 091 | @a4190.195 | |
| 100 | @a19900816d1985 em y0chiy0121 ea | |
| 101 | 1 | @achi@ceng |
| 102 | @aCN@b110000 | |
| 105 | @ay z 000yy | |
| 200 | 10 | @a组织与管理@Azu zhi yu guan li@e系统方法与权变方法@EXi Tong Fang Fa Yu Quan Bian Fang Fa@f(美)弗里蒙特·E·卡斯特,詹姆斯·E·罗森茨韦克著@F(Mei)Fu Li Meng Te·E·Ka Si Te,Zhan Mu Si·E·Luo Sen Ci Wei Ke Zhu@g李柱流等译 |
| 210 | @a北京@c中国社会科学出版社@d1985 | |
| 215 | @a724页@d19cm | |
| 225 | 2 | @a国外经济管理名著丛书 |
| 300 | @a根据1979年第3版译出 | |
| 410 | 0 | @120010@a国外经济管理名著丛书 |
| 517 | @a系统方法与权变方法@AXi Tong Fang Fa Yu Quan Bian Fang Fa | |
| 606 | 0 | @a管理学 |
| 690 | @aC93@v3 | |
| 701 | 0 | @a卡斯特@4著 |
| 701 | 0 | @a罗森茨韦克@4著 |
| 702 | 0 | @a苏沃涛@Asu wo tao@4译 |
| 702 | 0 | @a李注流@Ali zhu liu@4译 |
| 702 | 0 | @a刘有锦@Aliu you jin@4译 |
| 801 | 0 | @aCN@b深圳图书馆@c20060314 |
| 801 | 2 | @aCN@bNLC@c20060105 |
| 905 | @f1@b142477@dC93@e10 | |
| 组织与管理:系统方法与权变方法/(美)弗里蒙特·E·卡斯特,詹姆斯·E·罗森茨韦克著/李柱流等译.-北京:中国社会科学出版社,1985 |
| 724页;19cm.-(国外经济管理名著丛书) |
| 根据1979年第3版译出 |
| ISBN :CNY4.40 |
| ● |
| 相关链接 |
|
|
|
|
正题名:组织与管理
索取号:C93/10
 
预约/预借
| 序号 | 登录号 | 条形码 | 馆藏地/架位号 | 状态 | 备注 |
| 1 | 0142475 | 202186259 | 密集书库/ [索取号:C93/10] | 在馆 | |
| 2 | 0142476 | 202205087 | 密集书库/ [索取号:C93/10] | 在馆 | |
| 3 | 0142477 | 001029899 | 第一样本阅览室/ [索取号:C93/10] | 在馆 |